Langues officielles d'Afrique - Statistiques

Statistiques générales
  • Ce quiz a été pris 125 fois
  • Le résultat moyen est 68 sur 93
Statistiques - réponses
Pays Réponse % Correct
Afrique du Sud Anglais
97%
Botswana Anglais
97%
Burundi Anglais
97%
Cameroun Anglais
97%
Eswatini Anglais
97%
Gambie Anglais
97%
Ghana Anglais
97%
Kenya Anglais
97%
Lesotho Anglais
97%
Liberia Anglais
97%
Malawi Anglais
97%
Namibie Anglais
97%
Nigeria Anglais
97%
Ouganda Anglais
97%
Rwanda Anglais
97%
Seychelles Anglais
97%
Sierra Leone Anglais
97%
Soudan Anglais
97%
Soudan du Sud Anglais
97%
Tanzanie Anglais
97%
Zambie Anglais
97%
Zimbabwe Anglais
97%
Bénin Français
96%
Burkina Faso Français
96%
Français
96%
Français
96%
Centrafrique Français
96%
Français
96%
République du Congo Français
96%
RDC Français
96%
Côte d'Ivoire Français
96%
Français
96%
Gabon Français
96%
Guinée Français
96%
Français
96%
Madagascar Français
96%
Mali Français
96%
Niger Français
96%
Français
96%
Sénégal Français
96%
Français
96%
Français
96%
Togo Français
96%
Algérie Arabe
95%
Comores Arabe
95%
Djibouti Arabe
95%
Égypte Arabe
95%
Libye Arabe
95%
Maroc Arabe
95%
Mauritanie Arabe
95%
Somalie Arabe
95%
Arabe
95%
Tchad Arabe
95%
Tunisie Arabe
95%
Angola Portugais
86%
Cap-Vert Portugais
86%
Guinée-Bissau Portugais
86%
Portugais
86%
Mozambique Portugais
86%
Sao Tomé-et-Príncipe Portugais
86%
Guinée équatoriale Espagnol
81%
Swahili
62%
Swahili
62%
Swahili
62%
Swahili
62%
Afrikaans
60%
Malgache
58%
Berbère
54%
Berbère
54%
Somali
47%
Zoulou
46%
Comorien
36%
Éthiopie Amharique
28%
Xhosa
27%
Ile Maurice Créole Mauricien
26%
Sotho du Sud
23%
Sotho du Sud
23%
Swati
23%
Swati
23%
Tswana
22%
Tswana
22%
Créole Seychellois
21%
Kirundi
21%
Sotho du Nord
21%
Kinyarwanda
20%
Erythrée Tigrigna
14%
Venda
13%
Sango
12%
Tsonga
12%
Shona
11%
Chewa
9%
Ndébélé du Sud
9%
Ndébélé du Nord
8%
Aucun quiz correspondant
Distribution des résultats
% des personnes avec chaque résultat
Percentile par nombre de réponses
Votre historique - résultats
Vous n’avez pas pris ce quiz